00542nam a2200181Ia 450000500170000000800410001704000190005804100120007708200160008910000170010524500580012226000470018030000150022750400500024265000140029265100440030685000100035020230626145140.0131103s9999 xx 000 0 und d aLoreto College aEnglish a301.15bKRE aKrech,David  aTheory and problems of social psychologycDavid Krech aNew YorkbMcGraw - Hill Book Companyc1948 axv,639 p.  aIncludes bibliographical references and index aSociology aPhilosophy and theory of social science aLCLIB